000 00466cam a2200169ua 4500
020 _a0 07 099071 9
041 _aeng
_h
082 _a005.1
_bSCH/TH
100 _aScheld, Francis .
245 _aTheory and problems of computers and programming /
_cFrancis Scheld.
_hTextual Documents
250 _a1 /
_b.
260 _aSingapore :
_bMcGraw-Hill International Book Company ,
_c1983.
300 _a402 ; .
504 _a
942 _cBK
999 _c9589
_d9589